000 00408nam a2200145Ia 4500
001 65778
008 221205n ii |||gr||||Z||||||465
020 _a9789350203224
082 _a891.44
100 _aRoy, Tathagata,
_eAuthor.
245 0 _aBharatkeshari yugapurush syamaprasad,
_cTathagata Roy
_hTextual Documents
260 _aKolkata:
_bPenguin Random House.
300 _a400p.:
_c24cm.
942 _2ddc
_cBK
999 _c66871
_d66871